Statistiken für 50 Länder ausserhalb Europas

Klicken Sie hier um das Quiz zu spielen!

Allgemein

  • Dieses Quiz wurde 69 mal gespielt
  • Das Durchschnittsergebnis liegt bei 5 aus 50

Antwortstatistiken

Antwort% Korrekt
1Kanada
100%
2USA
81%
3Mexiko
65%
4Kolumbien
24%
5Venezuela
22%
8Brasilien
19%
6Ecuador
19%
7Peru
19%
11Argentinien
14%
9Bolivien
14%
10Chile
14%
13Paraguay
14%
12Uruguay
14%
14Russland
8%
16China
5%
17Indien
5%
15Mongolei
5%
18Pakistan
5%
47Afghanistan
3%
33Ägypten
3%
36Algerien
3%
30Angola
3%
45Äthiopien
3%
24Australien
3%
26Bangladesch
3%
31D.R.Kongo
3%
23Indonesien
3%
39Irak
3%
40Iran
3%
21Japan
3%
49Malaysia
3%
37Marokko
3%
28Mozambique
3%
48Myanmar
3%
25Neuseeland
3%
42Niger
3%
32Nigeria
3%
19Nordkorea
3%
50Papua Neuguinea
3%
38Saudi-Arabien
3%
46Somalia
3%
29Südafrika
3%
44Sudan
3%
20Südkorea
3%
22Thailand
3%
43Tschad
3%
35Tunesien
3%
27Vietnam
3%
41Kasachstan
0%
34Libyen
0%

Verteilung der Resultate

Perzentil nach korrekt beantworteten Fragen

Anzahl Personen mit jedem Resultat

Ihre Resultats-Entwicklung

Sie haben dieses Quiz noch nicht gespielt